| Tag |
First Indicator |
Second Indicator |
Subfields |
| LEADER |
00000pam a2200000 i 4500 |
| 001 |
in00000041229 |
| 005 |
20151007072512.0 |
| 008 |
790717s1980 nyua b 00110 eng |
| 010 |
|
|
|a 79018039
|
| 020 |
|
|
|a 0684164159 :
|c $12.50
|
| 020 |
|
|
|a 0684164167 (pbk.) :
|c $6.95
|
| 035 |
|
|
|a (OCoLC)05239661
|
| 035 |
|
|
|9 AAE7990AM
|
| 040 |
|
|
|a DLC
|c DLC
|d TXA
|d UtOrBLW
|
| 043 |
|
|
|a n-us---
|
| 049 |
|
|
|a TXAM
|c [1405787]
|
| 050 |
0 |
0 |
|a JK528
|b .P63 1980
|
| 082 |
0 |
|
|a 329/.00973
|
| 100 |
1 |
|
|a Polsby, Nelson W.
|
| 245 |
1 |
0 |
|a Presidential elections :
|b strategies of American electoral politics /
|c Nelson W. Polsby, Aaron Wildavsky.
|
| 250 |
|
|
|a 5th ed.
|
| 264 |
|
1 |
|a New York :
|b Scribner,
|c [1980]
|
| 264 |
|
4 |
|c ©1980
|
| 300 |
|
|
|a xviii, 300 pages :
|b illustrations ;
|c 24 cm.
|
| 336 |
|
|
|a text
|b txt
|2 rdacontent
|
| 337 |
|
|
|a unmediated
|b n
|2 rdamedia
|
| 338 |
|
|
|a volume
|b nc
|2 rdacarrier
|
| 504 |
|
|
|a Includes bibliographical references and index.
|
| 650 |
|
0 |
|a Presidents
|z United States
|x Election.
|
| 700 |
1 |
|
|a Wildavsky, Aaron B.
|
| 999 |
|
|
|a MARS
|
| 999 |
f |
f |
|s 2dbb70e2-adb8-3b54-96ea-3ad2b79d31ba
|i d4612874-459e-36f2-a4c1-afbdd2875451
|t 0
|